000 01590nam0a22003131 4500
001 v19\rc\1803589
005 20260406100342.0
035 _a(NLR Aleph) 005254664
090 _a5839277
_c5839277
100 _a20071224d1906 |||y0rusy50 ca
101 0 _arus
102 _aRU
105 _ay z |||e|
200 1 _aПисьмо к графу И.И. Толстому (бывш. министру нар. просвещения) [по поводу его вынужденной отставки]
_fН. Заиончковский
210 _aСанкт-Петербург
_cтип. газ. "Россия"
_d1906
215 _a17 с.
_d27
300 _aНа правах рукописи
316 _aЭкз. РНБ (34.83.2.1136): с автогр. авт.
_5NLR: 34.83.2.1136
532 1 0 _aПисьмо к графу Ивану Ивановичу Толстому бывш. министру нар. просвещения [по поводу его вынужденной отставки]
700 1 _9z01790
_aЗайончковский
_bН.Ч.
_f1859-
_gНиколай Чеславович
702 1 _4660
_8rus
_7ca
_aТолстой
_bИ. И.
_cгос. деятель, нумизмат
_f1858-1916
_gИван Иванович
_3RU\NLR\AUTH\7775856
_958784
790 1 _9z01700
_aЗаиончковский
_bН.Ч.
_f1859-
_gНиколай Чеславович
801 0 _aRU
_bNLR
_c20071224
_gpsbo
801 0 _aRU
_bRuMoRGB
_c20071224
_2psbo
801 1 _aRU
_bProSoft-M
_c20071224
_2rusmarc
801 2 _aRU
_bNLR
_c20090417
_2rusmarc
852 _aNLR
_j34.83.2.1136
942 _cBOOK
980 _aNB